Vida familiar y cultura contemporánea /
El artículo presenta información sobre una investigación cualitativa realizada en cuatro comunidades de la zona huichol en el estado de Jalisco la muestra fue seleccionada con criterios intencionalmente asignados y se trabajó con informantes claves y aplicando entrevistas a profundidad. Se analiza e...
محفوظ في:
| المؤلف الرئيسي: | |
|---|---|
| مؤلفون آخرون: | |
| التنسيق: | نص |
| منشور في: |
México D.F.:
Consejo Nacional de Cultura. Dirección General de Publicaciones. Dirección General de Culturas Populares
|
| الموضوعات: | |
| الوسوم: |
إضافة وسم
لا توجد وسوم, كن أول من يضع وسما على هذه التسجيلة!
|
MARC
| LEADER | 00000 a a2200000 04500 | ||
|---|---|---|---|
| 001 | 21972 | ||
| 003 | |||
| 040 | |||
| 090 | |a 146406 | ||
| 100 | |a Valenzuela Arce, José Manuel | ||
| 245 | |a Vida familiar y cultura contemporánea / |c José Manuel Valenzuela Arce | ||
| 260 | |a México D.F.: |b Consejo Nacional de Cultura. Dirección General de Publicaciones. Dirección General de Culturas Populares | ||
| 300 | |a 409 p. | ||
| 520 | |a El artículo presenta información sobre una investigación cualitativa realizada en cuatro comunidades de la zona huichol en el estado de Jalisco la muestra fue seleccionada con criterios intencionalmente asignados y se trabajó con informantes claves y aplicando entrevistas a profundidad. Se analiza el papel que cumple la familia extensa tradicional wixarika en los procesos de reproducción cultural enfocándose en dos hechos importantes: formación de las uniones y la conformación de los sitemas familiares. Se concluye que los grupos familiares de esta zona ejercen varias funciones, entre ellas la producción y reproducción cultural y ritual del grupo, marcar la adscripción étnica del pueblo wixarika, sobrevivencia cultural y biológica del grupo y formación de identidades./MSD | ||
| 650 | |a FAMILIA | ||
| 650 | |a GRUPOS ETNICOS | ||
| 650 | |a MATRIMONIO | ||
| 650 | |a CULTURA TRADICIONAL | ||
| 650 | |a IDENTIDAD CULTURAL | ||
| 650 | |a POLIGAMIA | ||
| 650 | |a ESTUDIOS DE CASOS | ||
| 650 | |a ENTREVISTAS | ||
| 700 | |a coord |a Salles, Vania |a coord | ||
| 999 | |c 6805 |d 6805 | ||
